000 01229cam a2200193 4500
008 040205n2004 000 0 eng u
035 _a(Sirsi) u125048
245 _aBuilding's Beckhams
260 _c2004
490 _aBuilding
_v 269(8315) 52-65(9)
520 _aLooks at the European Construction League Table. Shows how the traditional power bases of Germany, France and the UK are still there in the top 10 but some city sources believe that certain Spanish companies such as Dragados (which recently merged with ACS to form the country's biggest contractor) might be catching up with their turnover. Spanish contractors are also moving into a new market, the Private Finance Initiative and also toll roads. Points out that a quarter of Spain's infrastructure programme is funded by the European Union which will maintain the country's construction boom until this funding runs out which is expected to be by around 2007. With tables of Europe's top 300 companies including turnover in 2002-03 in pounds and euros and % of foreign turnover.
590 _aABS
650 _aEUROPEAN CONSTRUCTION
650 _aEUROPEAN CONTRACTORS
650 _aSPANISH PROPERTY
650 _aPFI
690 _aEUROPE
942 _n0
999 _c74123
_d74123